[Event "NRWEM 2013"]
[Site "?"]
[Date "2013.10.22"]
[Round "4.7"]
[White "Frombach, Ralf"]
[Black "Molinaroli, Martin"]
[Result "1-0"]
[WhiteElo "2211"]
[BlackElo "2301"]
[PlyCount "135"]
[EventDate "2013.??.??"]

1. d4 g6 2. e4 Bg7 3. c4 d6 4. Nc3 Nf6 5. Nf3 O-O 6. Be2 Bg4 7. Be3 Nfd7 8. d5
c5 9. O-O Na6 10. Ng5 Bxe2 11. Qxe2 h6 12. Nf3 Nc7 13. Rad1 a6 14. a4 Ne8 15.
Nd2 Qb6 16. Ndb1 Qb4 17. Qc2 Qxc4 18. Bd2 a5 19. Na3 Qa6 20. Ncb5 Nb6 21. b3
Rc8 22. Nc4 Nxc4 23. bxc4 Nf6 24. Rb1 Nd7 25. Rb3 b6 26. g4 Ne5 27. Rg3 g5 28.
f4 gxf4 29. Bxf4 Ng6 30. Bd2 Qb7 31. Qc1 Qd7 32. Bxh6 f6 33. Rf5 Rf7 34. Bxg7
Rxg7 35. g5 Rf8 36. gxf6 exf6 37. Rf2 Rff7 38. Rfg2 Nh4 39. Rf2 Qh3 40. Rfg2
Rxg3 41. Rxg3+ Rg7 42. Qf4 Ng6 43. Qxf6 Qh5 44. Qe6+ Kh7 45. Qh3 Nh4 46. Rxg7+
Kxg7 47. Kf2 Qf7+ 48. Kg3 Ng6 49. Qf5 Qe7 50. Qg4 Qe5+ 51. Kg2 Qb2+ 52. Kh3 Qf2
53. Nxd6 Qf1+ 54. Qg2 Qd3+ 55. Kg4 Qd1+ 56. Kf5 Qh5+ 57. Ke6 Kh7 58. Kd7 Qh4
59. Nf5 Qf6 60. Qh3+ Kg8 61. Qg3 Kf7 62. Nh6+ Kg7 63. Ng4 Qe7+ 64. Kc6 Qxe4 65.
Qc7+ Ne7+ 66. Kxb6 Kf8 67. Ne5 Qb1+ 68. Ka7 1-0

[Event "NRWEM 2013"]
[Site "?"]
[Date "2013.10.22"]
[Round "4.8"]
[White "Ringwelski, Marius"]
[Black "Brandt, Sebastian"]
[Result "0-1"]
[WhiteElo "2090"]
[BlackElo "2119"]
[PlyCount "104"]
[EventDate "2013.??.??"]

1. d4 d5 2. c4 dxc4 3. Nf3 Nf6 4. e3 Be6 5. a4 g6 6. Nbd2 Bg7 7. Nxc4 O-O 8.
Be2 c5 9. O-O Qc7 10. dxc5 Qxc5 11. b3 Nc6 12. Ba3 Qf5 13. Nd4 Nxd4 14. exd4
Nd5 15. Bf3 Rfe8 16. Re1 Rac8 17. Ne3 Nxe3 18. fxe3 Rc3 19. e4 Qa5 20. d5 Bd7
21. Kh1 Qa6 22. Be2 Qb6 23. Rb1 Qf2 24. Bb2 Bh3 25. Rg1 Re3 26. Bb5 Rc8 27.
Bxg7 Kxg7 28. Qf1 Qxf1 29. Rgxf1 Bg4 30. h3 Be2 31. Rbc1 Bxf1 32. Rxc8 Bxb5 33.
axb5 Rxb3 34. Rc7 Rxb5 35. Rxe7 a5 36. d6 a4 37. Kh2 Rb1 38. e5 a3 39. e6 a2
40. Rxf7+ Kh6 41. e7 a1=Q 42. e8=Q Rh1+ 43. Kg3 Qa3+ 44. Kf2 Qa2+ 45. Kg3 Qa3+
46. Kg4 Qb4+ 47. Rf4 Qxd6 48. Qe3 Qd7+ 49. Kg3 Qc7 50. Kf2 Qc2+ 51. Kg3 Qc7 52.
h4 Rf1 0-1

[Event "NRWEM 2013"]
[Site "?"]
[Date "2013.10.23"]
[Round "5.1"]
[White "Plaßmann, Dominik"]
[Black "FM Thiel, Thomas"]
[Result "1-0"]
[WhiteElo "2296"]
[BlackElo "2050"]
[PlyCount "43"]
[EventDate "2013.??.??"]

1. e4 c5 2. d4 cxd4 3. c3 d5 4. exd5 Qxd5 5. cxd4 Nc6 6. Nf3 Bg4 7. Nc3 Qd6 8.
Nb5 Qd7 9. d5 O-O-O 10. Qa4 Bxf3 11. gxf3 Qxd5 12. Be3 e6 13. Rc1 a5 14. Na7+
Kb8 15. Nxc6+ bxc6 16. Bc4 Qxf3 17. Qxa5 Rd7 18. Qb6+ Ka8 19. Rg1 Be7 20. Be2
Qe4 21. Rg4 Qh1+ 22. Bf1 1-0

[Event "NRWEM 2013"]
[Site "?"]
[Date "2013.10.23"]
[Round "5.2"]
[White "Probst, Andreas"]
[Black "Harff, Marcel"]
[Result "0-1"]
[WhiteElo "2028"]
[BlackElo "2291"]
[PlyCount "92"]
[EventDate "2013.??.??"]

1. e4 e6 2. d3 c5 3. Nf3 Nc6 4. g3 d5 5. Nbd2 g6 6. Bg2 Bg7 7. O-O Nge7 8. c3
O-O 9. Re1 e5 10. Qb3 d4 11. cxd4 cxd4 12. Nc4 h6 13. Bd2 Rb8 14. a4 Be6 15.
Qc2 Qd7 16. b4 b5 17. axb5 Rxb5 18. Qa4 Rfb8 19. Reb1 Nc8 20. Na3 R5b7 21. b5
Nd8 22. Qc2 Kh7 23. Nh4 Nd6 24. f4 Nxb5 25. Nxb5 Rxb5 26. Rxb5 Rxb5 27. f5 Bb3
28. Qc1 Nc6 29. Bh3 Qb7 30. fxg6+ fxg6 31. Nxg6 Kxg6 32. Bf5+ Kf7 33. Bxh6 Bf6
34. Qf1 Bc2 35. Rc1 Rb1 36. Qh3 Qb2 37. Qh5+ Ke7 38. Bf8+ Kxf8 39. Qh6+ Ke7 40.
Qh7+ Kd6 41. Qd7+ Kc5 42. Qd5+ Kb6 43. Rxb1 Qxb1+ 44. Kg2 Bxd3 45. h4 Bf1+ 46.
Kf2 Qb5 0-1

[Event "NRWEM 2013"]
[Site "?"]
[Date "2013.10.23"]
[Round "5.3"]
[White "Meinhardt, Michael"]
[Black "Kusnetsov, Mark"]
[Result "0-1"]
[WhiteElo "2124"]
[BlackElo "2212"]
[PlyCount "92"]
[EventDate "2013.??.??"]

1. e4 e5 2. Nf3 Nc6 3. Bb5 a6 4. Ba4 Nf6 5. d3 d6 6. c3 Be7 7. Nbd2 b5 8. Bc2
Nb8 9. Nf1 Nbd7 10. Ng3 Bb7 11. O-O O-O 12. Qe2 Re8 13. Nf5 Bf8 14. h3 d5 15.
Rd1 c5 16. Nh2 Qc7 17. Ng4 Qc6 18. Re1 c4 19. dxc4 dxc4 20. Bg5 Nxg4 21. Qxg4
Qg6 22. Rad1 Nc5 23. Bh4 f6 24. Qxg6 hxg6 25. Nd6 Bxd6 26. Rxd6 Rad8 27. Red1
Rxd6 28. Rxd6 Bxe4 29. Bxe4 Nxe4 30. Rd5 g5 31. Bg3 Kf7 32. Bh2 Ke6 33. Rd1 Re7
34. f3 Nc5 35. Kf1 Rd7 36. Ke2 Rxd1 37. Kxd1 Nd3 38. b3 Nf4 39. Bxf4 gxf4 40.
b4 Kf5 41. Ke2 Kg5 42. Kf1 Kh4 43. Kf2 f5 44. a3 g6 45. Kg1 Kg3 46. Kf1 e4 0-1

[Event "NRWEM 2013"]
[Site "?"]
[Date "2013.10.23"]
[Round "5.4"]
[White "Albrecht, Oliver"]
[Black "Frombach, Ralf"]
[Result "1/2-1/2"]
[WhiteElo "2161"]
[BlackElo "2211"]
[PlyCount "107"]
[EventDate "2013.??.??"]

1. Nf3 d5 2. d4 c6 3. c4 dxc4 4. e3 Be6 5. a4 Nf6 6. Na3 Bd5 7. Nxc4 e6 8. Be2
c5 9. O-O Nc6 10. Nce5 cxd4 11. exd4 Be7 12. Be3 O-O 13. Nxc6 bxc6 14. Ne5 Qb6
15. Bf3 Rfc8 16. Qc2 Rab8 17. Rfc1 Bxf3 18. gxf3 Nd5 19. Nd7 Qxb2 20. Nxb8 Qxb8
21. Rab1 Qc7 22. Qc4 Bd6 23. h3 Nxe3 24. fxe3 Ba3 25. Rf1 Qg3+ 26. Kh1 Qxh3+
27. Kg1 Qg3+ 28. Kh1 Bd6 29. Qe2 Qh4+ 30. Kg1 Qg5+ 31. Kh1 c5 32. Rfc1 Rd8 33.
dxc5 Bxc5 34. Rd1 Rxd1+ 35. Rxd1 Qh4+ 36. Qh2 Qxa4 37. Rd8+ Bf8 38. Qd6 Qh4+
39. Kg2 Qg5+ 40. Kf2 Qh4+ 41. Kg2 Qg5+ 42. Kf1 h6 43. Rxf8+ Kh7 44. Qf4 Qb5+
45. Kf2 Qb2+ 46. Kg3 f5 47. Rf7 Qa1 48. Kg2 Qb2+ 49. Kh3 Qc1 50. Kg2 Qd2+ 51.
Kh3 Qc1 52. Rxa7 Qh1+ 53. Kg3 Qg1+ 54. Kh3 1/2-1/2

[Event "NRWEM 2013"]
[Site "?"]
[Date "2013.10.23"]
[Round "5.5"]
[White "Messarius, Jürgen"]
[Black "Kupinski, Mirko"]
[Result "1-0"]
[WhiteElo "2196"]
[BlackElo "1876"]
[PlyCount "53"]
[EventDate "2013.??.??"]

1. e4 c5 2. Nf3 e6 3. d4 cxd4 4. Nxd4 a6 5. Bd3 Qc7 6. O-O Nc6 7. Be3 Nf6 8.
Nc3 Be7 9. a4 b6 10. Re1 O-O 11. Nxc6 dxc6 12. e5 Nd5 13. Nxd5 exd5 14. Qh5 g6
15. Qh6 f5 16. h4 Bd8 17. e6 Qg7 18. Qf4 Bc7 19. Qb4 c5 20. Qd2 Re8 21. a5 Bxe6
22. axb6 Bxb6 23. b4 c4 24. Bxb6 cxd3 25. Qxd3 Qb7 26. Bc5 Qb5 27. Qxb5 1-0

[Event "NRWEM 2013"]
[Site "?"]
[Date "2013.10.23"]
[Round "5.6"]
[White "Molinaroli, Martin"]
[Black "Braun, Oskar"]
[Result "1-0"]
[WhiteElo "2301"]
[BlackElo "1923"]
[PlyCount "59"]
[EventDate "2013.??.??"]

1. e4 e6 2. b3 d5 3. Bb2 dxe4 4. Nc3 Nf6 5. g4 Nc6 6. g5 Nd5 7. Nxe4 Bd7 8. c4
Nde7 9. Nf3 Nf5 10. Nf6+ gxf6 11. Bxf6 Be7 12. Bxh8 Bxg5 13. Rg1 Ke7 14. Bc3
Bf6 15. Bxf6+ Kxf6 16. d4 a5 17. Qd2 h6 18. Bd3 Qf8 19. Bxf5 exf5 20. d5 Nb4
21. Kf1 Re8 22. a3 Na6 23. Qd4+ Ke7 24. Re1+ Kd8 25. Qf6+ Kc8 26. Rxe8+ Qxe8
27. Ne5 Nc5 28. Nxd7 Nxd7 29. Qxf5 b6 30. Rg7 1-0

[Event "NRWEM 2013"]
[Site "?"]
[Date "2013.10.24"]
[Round "6.2"]
[White "FM Thiel, Thomas"]
[Black "Kusnetsov, Mark"]
[Result "1/2-1/2"]
[WhiteElo "2296"]
[BlackElo "2212"]
[PlyCount "45"]
[EventDate "2013.??.??"]

1. e4 e5 2. Nf3 Nc6 3. d4 exd4 4. Nxd4 Bc5 5. Be3 Qf6 6. c3 Nge7 7. Bc4 d6 8.
O-O Ne5 9. Be2 Qg6 10. Kh1 O-O 11. Nd2 f5 12. f4 Ng4 13. Bxg4 Qxg4 14. Qb3+ Kh8
15. Rf3 Qg6 16. exf5 Nxf5 17. Nxf5 Qxf5 18. Bxc5 Qxc5 19. Ne4 Qf5 20. Ng3 Qf7
21. Re1 Qxb3 22. axb3 Bd7 23. f5 1/2-1/2

[Event "NRWEM 2013"]
[Site "?"]
[Date "2013.10.24"]
[Round "6.3"]
[White "Frombach, Ralf"]
[Black "Messarius, Jürgen"]
[Result "0-1"]
[WhiteElo "2211"]
[BlackElo "2196"]
[PlyCount "62"]
[EventDate "2013.??.??"]

1. d4 f5 2. g3 Nf6 3. Bg2 g6 4. Nf3 Bg7 5. O-O O-O 6. c4 d6 7. Nc3 c6 8. Qb3
Na6 9. c5+ Kh8 10. cxd6 exd6 11. Re1 Ne4 12. Bf4 Nc7 13. Rad1 Ne6 14. Bc1 d5
15. e3 g5 16. Ne5 g4 17. Nxe4 fxe4 18. Nxg4 Ng5 19. h3 Qe8 20. Nh2 Qf7 21. Rf1
Nxh3+ 22. Kh1 Qh5 23. f4 Rf6 24. Qc2 Rg6 25. f5 Bxf5 26. Rxf5 Qxf5 27. Rf1 Qh5
28. g4 Qh4 29. Qe2 Ng5 30. Rf5 Rh6 31. a3 Qxh2# 0-1

[Event "NRWEM 2013"]
[Site "?"]
[Date "2013.10.24"]
[Round "6.4"]
[White "Albrecht, Oliver"]
[Black "Meinhardt, Michael"]
[Result "1-0"]
[WhiteElo "2161"]
[BlackElo "2124"]
[PlyCount "59"]
[EventDate "2013.??.??"]

1. d4 Nf6 2. c4 e6 3. Nc3 d5 4. cxd5 exd5 5. Bg5 Be7 6. e3 c6 7. Bd3 O-O 8. Qc2
Nbd7 9. Nge2 Re8 10. O-O Nf8 11. f3 h6 12. Bh4 Nh5 13. Bf2 Ne6 14. Rad1 g6 15.
Kh1 Kg7 16. a3 Bf8 17. Qd2 Bd6 18. Bb1 Ng5 19. e4 dxe4 20. fxe4 Bg4 21. e5 Bf8
22. Be3 Kg8 23. Ne4 Nxe4 24. Bxe4 Qh4 25. Bf3 Rad8 26. Bf2 Ng3+ 27. Bxg3 Qh5
28. Bxg4 Qxg4 29. h3 Qe6 30. Nc3 1-0

[Event "NRWEM 2013"]
[Site "?"]
[Date "2013.10.24"]
[Round "6.5"]
[White "Probst, Andreas"]
[Black "Heinert, Eugen"]
[Result "1-0"]
[WhiteElo "2028"]
[BlackElo "2161"]
[PlyCount "77"]
[EventDate "2013.??.??"]

1. e4 e6 2. d3 d5 3. Nd2 c5 4. Ngf3 Nc6 5. g3 g6 6. Bg2 Bg7 7. O-O Nf6 8. Re1
O-O 9. c3 e5 10. exd5 Nxd5 11. Nc4 Re8 12. Qb3 Qc7 13. Ng5 Nf6 14. Be3 h6 15.
Ne4 Nxe4 16. Bxe4 b6 17. f4 Be6 18. Qa4 Bd7 19. Qc2 f5 20. Bg2 Rad8 21. fxe5
Nxe5 22. Nxe5 Qxe5 23. Qd2 Qd6 24. Bf4 Qf6 25. Bxh6 Bb5 26. Bg5 Rxd3 27. Rxe8+
Bxe8 28. Qxd3 Qxg5 29. Re1 Bf7 30. Bd5 Bxd5 31. Qxd5+ Kh7 32. Qd7 Kh6 33. Qe7
Bf6 34. Qe3 b5 35. Qxg5+ Kxg5 36. Re6 Bd8 37. Kg2 Kh6 38. Re5 Bb6 39. b4 1-0

[Event "NRWEM 2013"]
[Site "?"]
[Date "2013.10.24"]
[Round "6.6"]
[White "Brandt, Sebastian"]
[Black "Kupinski, Mirko"]
[Result "1-0"]
[WhiteElo "2119"]
[BlackElo "1876"]
[PlyCount "65"]
[EventDate "2013.??.??"]

1. e4 c5 2. Nf3 e6 3. d4 cxd4 4. Nxd4 a6 5. Bd3 Qc7 6. O-O Nc6 7. Be3 Nf6 8.
Nxc6 dxc6 9. Nd2 Be7 10. a4 a5 11. Nc4 c5 12. f4 O-O 13. Qf3 b6 14. Rae1 Bd7
15. b3 b5 16. axb5 Bxb5 17. Qh3 Bxc4 18. Bxc4 Nxe4 19. Bxe6 Nf6 20. Bc1 Qd6 21.
Bc4 a4 22. Bb2 axb3 23. cxb3 Rfe8 24. Bd3 g6 25. f5 Nh5 26. fxg6 hxg6 27. Bc4
Bf6 28. Rd1 Qb6 29. Bxf6 Nxf6 30. Bxf7+ Kxf7 31. Qh7+ Kf8 32. Rd7 c4+ 33. Kh1
1-0

[Event "NRWEM 2013"]
[Site "?"]
[Date "2013.10.24"]
[Round "6.7"]
[White "Fenner, Martin"]
[Black "Molinaroli, Martin"]
[Result "0-1"]
[WhiteElo "1971"]
[BlackElo "2301"]
[PlyCount "60"]
[EventDate "2013.??.??"]

1. e4 c6 2. d4 d5 3. Nc3 dxe4 4. Nxe4 Nf6 5. Nxf6+ exf6 6. Bc4 Bd6 7. Ne2 O-O
8. O-O Qc7 9. g3 Bh3 10. Re1 Bg4 11. Be3 Nd7 12. Qd2 Nb6 13. Bd3 Nd5 14. Nf4
Nxe3 15. Qxe3 Rad8 16. f3 Bd7 17. Kg2 Qa5 18. Re2 Rfe8 19. Qf2 Bxf4 20. gxf4
Rxe2 21. Qxe2 Re8 22. Qf2 g6 23. c3 Kg7 24. a3 Qh5 25. h4 Qh6 26. Qg3 Re3 27.
Rd1 Qh5 28. Qf2 Bh3+ 29. Kg3 Qg4+ 30. Kh2 Rxf3 0-1

[Event "NRWEM 2013"]
[Site "?"]
[Date "2013.10.24"]
[Round "6.8"]
[White "Braun, Oskar"]
[Black "Ringwelski, Marius"]
[Result "0-1"]
[WhiteElo "1923"]
[BlackElo "2090"]
[PlyCount "86"]
[EventDate "2013.??.??"]

1. d4 Nf6 2. c4 c5 3. d5 b5 4. Nf3 Bb7 5. Nbd2 bxc4 6. e4 e6 7. dxe6 dxe6 8. e5
Nd5 9. Bxc4 Be7 10. O-O O-O 11. Ne4 Nd7 12. Qe2 Qc7 13. Nc3 Nxc3 14. bxc3 Bxf3
15. Qxf3 Nxe5 16. Qe4 Nxc4 17. Qxc4 Rfd8 18. Be3 Rd5 19. Rab1 Rad8 20. g3 h6
21. Qa6 R8d7 22. c4 Rd3 23. Qa4 Bf6 24. Rb5 Bd4 25. Bxd4 cxd4 26. Rb8+ Qxb8 27.
Qxd7 Qb4 28. Qxa7 Qxc4 29. Qa8+ Kh7 30. Qb7 f5 31. g4 Qxa2 32. gxf5 exf5 33.
Qd7 Qa5 34. f4 Qc5 35. Kh1 Re3 36. Rd1 Re4 37. h3 Rxf4 38. Rg1 Qe5 39. Qf7 Qe4+
40. Rg2 Rf1+ 41. Kh2 Qf4+ 42. Rg3 Rf2+ 43. Kh1 Qxg3 0-1

[Event "NRWEM 2013"]
[Site "?"]
[Date "2013.10.25"]
[Round "7.1"]
[White "Messarius, Jürgen"]
[Black "Harff, Marcel"]
[Result "0-1"]
[WhiteElo "2291"]
[BlackElo "2196"]
[PlyCount "116"]
[EventDate "2013.??.??"]

1. e4 e6 2. d4 d5 3. Nc3 dxe4 4. Nxe4 Nd7 5. Nf3 Ngf6 6. Nxf6+ Nxf6 7. Bg5 h6
8. Bh4 Be7 9. Bd3 c5 10. Qe2 Nd5 11. Bxe7 Qxe7 12. Bb5+ Kf8 13. O-O a6 14. Bc4
Nf6 15. dxc5 Qxc5 16. Rad1 Qc7 17. Ne5 b5 18. Bb3 Bb7 19. Rd4 Rd8 20. Rxd8+
Qxd8 21. Rd1 Qc7 22. c4 bxc4 23. Bxc4 Kg8 24. b3 Kh7 25. Re1 Ra8 26. Qe3 Kg8
27. f3 Bd5 28. Bd3 Qa5 29. g4 Qxa2 30. h4 h5 31. gxh5 Nxh5 32. Qg5 Qa5 33. Re2
Qc5+ 34. Kh2 f6 35. Bh7+ Kxh7 36. Qxh5+ Kg8 37. Qf7+ Kh7 38. Qg6+ Kg8 39. Qf7+
Kh7 40. Rg2 Qf8 41. Qh5+ Kg8 42. Ng6 Qd6+ 43. Kh3 e5 44. Qh8+ Kf7 45. Qh7 Rg8
46. Qh5 Be6+ 47. Kh2 Ke8 48. Rc2 Kd7 49. f4 exf4 50. Qf3 Rb8 51. Qc3 f3+ 52.
Kh1 Ke8 53. Rd2 Bd5 54. Rf2 Qg3 55. Qe3+ Kf7 56. Nf4 Qxh4+ 57. Kg1 Qg3+ 58. Kf1
Bc4+ 0-1

[Event "NRWEM 2013"]
[Site "?"]
[Date "2013.10.25"]
[Round "7.2"]
[White "Plaßmann, Dominik"]
[Black "Albrecht, Oliver"]
[Result "1/2-1/2"]
[WhiteElo "2050"]
[BlackElo "2161"]
[PlyCount "49"]
[EventDate "2013.??.??"]

1. e4 c5 2. d4 cxd4 3. c3 dxc3 4. Nxc3 Nc6 5. Nf3 d6 6. Bc4 e6 7. O-O Nf6 8.
Bf4 a6 9. Qe2 Bd7 10. Rfd1 Qb8 11. e5 Nh5 12. Be3 dxe5 13. Na4 Qc7 14. Rxd7
Qxd7 15. Nb6 Qd8 16. Rd1 Qb8 17. g4 Nf6 18. g5 Nd5 19. Bxd5 exd5 20. Rxd5 Be7
21. Nxe5 O-O 22. Nxc6 bxc6 23. Rd3 Qe5 24. Nxa8 Rxa8 25. Qd2 1/2-1/2

[Event "NRWEM 2013"]
[Site "?"]
[Date "2013.10.25"]
[Round "7.3"]
[White "Kusnetsov, Mark"]
[Black "Probst, Andreas"]
[Result "1/2-1/2"]
[WhiteElo "2212"]
[BlackElo "2028"]
[PlyCount "115"]
[EventDate "2013.??.??"]

1. e4 g6 2. d4 Bg7 3. Nc3 c6 4. Nf3 d5 5. h3 Nf6 6. Bd3 dxe4 7. Nxe4 Nxe4 8.
Bxe4 Nd7 9. O-O Nf6 10. Bd3 O-O 11. Re1 h6 12. c3 Be6 13. Ne5 Bf5 14. Bxf5 gxf5
15. Qb3 Qb6 16. Nd3 e6 17. Bf4 Nd5 18. Be5 Bxe5 19. Rxe5 Qxb3 20. axb3 Nf6 21.
b4 Nd7 22. Rea5 a6 23. Nc5 Nxc5 24. bxc5 Rad8 25. R5a4 f6 26. Re1 Rfe8 27. f4
Rd7 28. Kf2 Kf7 29. Kf3 h5 30. Re3 Rde7 31. Rb4 Rg8 32. Rb3 h4 33. Kf2 Kg6 34.
c4 Rd8 35. Red3 Red7 36. Ke3 Kf7 37. Rbc3 Rg8 38. Kf2 Re8 39. Ke3 Rg8 40. Kf3
Rgd8 41. Rb3 e5 42. Ke3 exd4+ 43. Kf3 Re8 44. Rd1 Re4 45. Rbd3 Kg6 46. b4 Rde7
47. Rxd4 Re2 48. R4d3 Rb2 49. Rd8 Rb3+ 50. R1d3 Rxb4 51. Rg8+ Rg7 52. Rh8 Rxc4
53. Rxh4 Rxc5 54. Rh8 Rd5 55. Re3 Rgd7 56. Ree8 Rd2 57. Rhg8+ Kf7 58. Rgf8+
1/2-1/2

[Event "NRWEM 2013"]
[Site "?"]
[Date "2013.10.25"]
[Round "7.4"]
[White "Molinaroli, Martin"]
[Black "FM Thiel, Thomas"]
[Result "0-1"]
[WhiteElo "2301"]
[BlackElo "2296"]
[PlyCount "66"]
[EventDate "2013.??.??"]

1. e4 c5 2. Nf3 Nc6 3. b4 cxb4 4. d4 d5 5. exd5 Qxd5 6. c4 bxc3 7. Nxc3 Qa5 8.
d5 e6 9. Bd2 Bb4 10. Rc1 exd5 11. a3 Bd6 12. Nb5 Qd8 13. Bc3 Nge7 14. Bxg7 Rg8
15. Bc3 a6 16. Nxd6+ Qxd6 17. g3 Bg4 18. Be2 Bh3 19. Qd2 h6 20. Qe3 Rg6 21. Nd4
Kf8 22. f3 Re8 23. Kf2 Nf5 24. Nxf5 Bxf5 25. Qd2 d4 26. Rhd1 Qe7 27. Bb4 Nxb4
28. axb4 Re6 29. Bc4 Rd6 30. Re1 Qd8 31. Qf4 Rxe1 32. Rxe1 Qf6 33. Re5 Bc2 0-1

[Event "NRWEM 2013"]
[Site "?"]
[Date "2013.10.25"]
[Round "7.5"]
[White "Heinert, Eugen"]
[Black "Brandt, Sebastian"]
[Result "1-0"]
[WhiteElo "2161"]
[BlackElo "2119"]
[PlyCount "147"]
[EventDate "2013.??.??"]

1. d4 Nf6 2. Bg5 d5 3. Bxf6 gxf6 4. e3 c5 5. dxc5 e6 6. c4 dxc4 7. Qxd8+ Kxd8
8. Nc3 Bxc5 9. Bxc4 Rg8 10. Nge2 Nc6 11. Rd1+ Ke7 12. O-O a6 13. Ne4 Bb6 14.
N2c3 Ne5 15. Be2 f5 16. Nd6 Ba5 17. f4 Ng4 18. Rd3 Bd7 19. Nc4 Bc7 20. Bf3 Rab8
21. Rfd1 Be8 22. h3 Nf6 23. b4 Bc6 24. Bxc6 bxc6 25. a3 Nd5 26. Nxd5+ cxd5 27.
Nd2 Bb6 28. Rc1 Rbc8 29. Rxc8 Rxc8 30. Nb3 Rc2 31. Nd4 Bxd4 32. exd4 Kd6 33.
Rg3 Rd2 34. Rg7 Rxd4 35. Rxf7 Rxf4 36. Ra7 d4 37. Rxa6+ Kc7 38. Rxe6 d3 39. Re1
Kb6 40. Rd1 Rd4 41. Kf2 f4 42. Ke1 Re4+ 43. Kd2 Re2+ 44. Kxd3 Rxg2 45. Ke4 Rg3
46. Rd3 h5 47. Rf3 h4 48. Kxf4 Rg1 49. Re3 Kb5 50. Re5+ Ka4 51. Ra5+ Kb3 52. b5
Kc4 53. a4 Kc5 54. Ra6 Rg3 55. Rc6+ Kd5 56. Rh6 Rxh3 57. Kg5 Ra3 58. Rxh4 Kc5
59. Kf6 Kb6 60. Ke6 Rd3 61. Rc4 Ka5 62. Ke5 Rh3 63. Kd6 Rh6+ 64. Kd5 Rh5+ 65.
Kc6 Rh6+ 66. Kb7 Rb6+ 67. Ka8 Rh6 68. Kb7 Rb6+ 69. Kc8 Rh6 70. Rc6 Rh8+ 71. Kb7
Rh7+ 72. Rc7 Rh6 73. Ka7 Rb6 74. Rc6 1-0

[Event "NRWEM 2013"]
[Site "?"]
[Date "2013.10.25"]
[Round "7.6"]
[White "Meinhardt, Michael"]
[Black "Fenner, Michael"]
[Result "1-0"]
[WhiteElo "2124"]
[BlackElo "1971"]
[PlyCount "123"]
[EventDate "2013.??.??"]

1. d4 d5 2. Nf3 Nc6 3. e3 Bg4 4. Bb5 e6 5. h3 Bxf3 6. Bxc6+ bxc6 7. Qxf3 Nf6 8.
O-O Bd6 9. c4 c5 10. cxd5 exd5 11. Nc3 O-O 12. Na4 cxd4 13. exd4 Ne4 14. Be3
Qd7 15. Nc5 Nxc5 16. dxc5 Be5 17. Rad1 c6 18. b3 Rfe8 19. Rd3 Re6 20. Rb1 Qe7
21. b4 a6 22. a4 Qf6 23. Qxf6 Bxf6 24. b5 Rb8 25. Bd4 Be5 26. Bxe5 Rxe5 27. b6
Kf8 28. Re3 f6 29. Rbe1 Rbe8 30. Kf1 Kf7 31. Ke2 Ke6 32. Kd3 Kd7 33. Kd4 Rxe3
34. Rxe3 Rf8 35. Re2 a5 36. Re3 Rf7 37. Rb3 Kc8 38. Re3 Kd7 39. f4 f5 40. Re5
g6 41. Ke3 h6 42. g4 h5 43. gxf5 gxf5 44. Kd4 h4 45. Re2 Rg7 46. Rb2 Kc8 47.
Ke5 Rg3 48. Kxf5 Rxh3 49. Ke6 d4 50. Kd6 Kb7 51. Ke5 d3 52. Rd2 Rg3 53. f5 h3
54. Kf4 Rg2 55. Rxd3 Rc2 56. Rxh3 Rxc5 57. f6 Rd5 58. f7 Rd8 59. Ke5 Kxb6 60.
Ke6 Kc5 61. Rh4 Kb6 62. Ke7 1-0

[Event "NRWEM 2013"]
[Site "?"]
[Date "2013.10.25"]
[Round "7.7"]
[White "Ringwelski, Marius"]
[Black "Frombach, Ralf"]
[Result "1/2-1/2"]
[WhiteElo "2090"]
[BlackElo "2211"]
[PlyCount "116"]
[EventDate "2013.??.??"]

1. e4 c5 2. Nf3 Nc6 3. d4 cxd4 4. Nxd4 Nf6 5. Nc3 d6 6. Bg5 h6 7. Bxf6 gxf6 8.
Qd2 Bd7 9. O-O-O Nxd4 10. Qxd4 Qa5 11. Kb1 Rc8 12. Bc4 Qc5 13. Qxc5 Rxc5 14.
Bb3 f5 15. Rhe1 Bg7 16. Nd5 e6 17. exf5 Kd8 18. fxe6 Bxe6 19. Nf4 Bxb3 20. axb3
Rf5 21. g3 Kd7 22. Re4 h5 23. h4 Bh6 24. Rd5 Rxd5 25. Nxd5 Bf8 26. Nf6+ Kc6 27.
Re8 Bg7 28. Rxh8 Bxh8 29. Nxh5 Kd5 30. c3 Ke4 31. Nf4 Be5 32. h5 Bg7 33. Kc2
Kf3 34. Kd3 Kxf2 35. Ne2 Kf3 36. Nd4+ Kg4 37. Ke4 a6 38. b4 b6 39. b5 axb5 40.
Nxb5 f5+ 41. Kd5 Kxg3 42. Nxd6 Kg4 43. Kc4 f4 44. Kd3 Kxh5 45. Ke2 Kg4 46. Ne4
f3+ 47. Kf2 Bh6 48. c4 Bc1 49. b3 Kf4 50. Nc3 Be3+ 51. Kf1 Ke5 52. Nd5 Bd4 53.
Nb4 Ke4 54. Nc2 Bc3 55. Kf2 Bd2 56. b4 Kd3 57. c5 bxc5 58. bxc5 Kxc2 1/2-1/2

[Event "NRWEM 2013"]
[Site "?"]
[Date "2013.10.25"]
[Round "7.8"]
[White "Kupinski, Mirko"]
[Black "Braun, Oskar"]
[Result "1/2-1/2"]
[WhiteElo "1876"]
[BlackElo "1923"]
[PlyCount "40"]
[EventDate "2013.??.??"]

1. c4 e5 2. Nc3 Nf6 3. Nf3 Nc6 4. g3 d5 5. cxd5 Nxd5 6. Bg2 Nb6 7. O-O Be7 8.
a3 O-O 9. b4 Be6 10. d3 Nd4 11. Bb2 Nxf3+ 12. Bxf3 c6 13. Qc2 f6 14. Rfd1 Qe8
15. Rab1 Qf7 16. Ba1 Rfd8 17. Ne4 Ba2 18. Rb2 Bd5 19. Rbb1 Ba2 20. Rb2 Bd5
1/2-1/2